Telefonía celular forense (Registro nro. 12731)
[ vista simple ]
| 000 -Cabecera | |
|---|---|
| Campo de control de longitud fija | 00708nam a22002777a 4500 |
| 005 - Fecha y hora de la última transacción | |
| Campo de control | 20250530191419.0 |
| 008 - Elementos de longitud fija--Información general | |
| Campo de control de longitud fija | 200909b2016 xxu||||| |||| 00| 0 spa d |
| 020 ## - International Standard Book Number | |
| Número Internacional Estándar del Libro (ISBN) | 9786076103357 |
| 041 ## - Idioma | |
| Código de idioma | Español |
| 082 ## - Clasificación Decimal Dewey | |
| Número de clasificación | 614.1 A283t |
| 100 ## - Entrada principal--Autor personal | |
| Nombre personal | Aguilar Aguilar, Marco Antonio |
| 9 (RLIN) | 58537 |
| 245 ## - Título propiamente dicho | |
| Título | Telefonía celular forense |
| 260 ## - Pie de imprenta | |
| Lugar de publicación, distribución, etc. | México |
| 260 ## - Pie de imprenta | |
| Nombre del editor, distribuidor, etc. | Flores editor |
| 260 ## - Pie de imprenta | |
| Fecha de publicación, distribución, etc. | 2016 |
| 300 ## - Descripción física | |
| Extensión | 138 páginas |
| 650 ## - Materia general | |
| Temática (materia general) | RED CELULAR |
| 650 ## - Materia general | |
| Temática (materia general) | DISPOSITIVOS MÓVILES |
| 650 ## - Materia general | |
| Temática (materia general) | INVESTIGACIÓN DIGITAL FORENSE |
| 650 ## - Materia general | |
| Temática (materia general) | INDICIOS |
| 650 ## - Materia general | |
| Temática (materia general) | EVIDENCIA DIGITAL |
| 650 ## - Materia general | |
| Temática (materia general) | MÉTODO CRIMINALÍSTICO |
| 650 ## - Materia general | |
| Temática (materia general) | MANIPULACIÓN REMOTA |
| 942 ## - Punto de acceso adicional KOHA | |
| Tipo de ítem KOHA | Libro |
| Fuente del sistema de clasificación o colocación | Dewey Decimal Classification |
| Signatura completa | Código de barras | Programa Académico | Tipo de ítem |
|---|---|---|---|
| 614.1 A283t | 25033 | Investigación Criminal | Libro |